Movies Quiz

Random Movies Quiz

Top 10 silent movies slideshow Quiz Stats

 Plays Quiz not verified by Sporcle

Challenge
Share
Tweet
Score 0/10 Timer 02:00
0 Plays Today
% Correct
Metropolis
89.9%
The General
76.4%
Sunrise: A Song of Two Humans
73%
City Lights
70.8%
Battleship Potemkin
60.7%
Das Cabinet des Dr. Caligari
51.7%
La Passion de Jeanne d'Arc
51.7%
The Wind
22.5%
Earth
18%
The Lodger
5.6%

You're not logged in!

Compare scores with friends on all Sporcle quizzes.
Join for Free
OR
Log In

You Might Also Like...

Show Comments

Extras

Top Quizzes Today


Score Distribution

Your Account Isn't Verified!

In order to create a playlist on Sporcle, you need to verify the email address you used during registration. Go to your Sporcle Settings to finish the process.

Report this User

Report this user for behavior that violates our Community Guidelines.

Details: